جھو ٹن / (Record no. 145420)

MARC details
000 -LEADER
fixed length control field 00754nam a22001937a 4500
005 - DATE AND TIME OF LATEST TRANSACTION
control field 20250626144511.0
010 ## - LCCN (DPL NO)
LC control number UR-9732 UR9733
020 ## - INTERNATIONAL STANDARD BOOK NUMBER
International Standard Book Number 9789350739013
Terms of availability 200.00(Vol.1)and 75.00(Vol.2)
035 ## - SYSTEM CONTROL NUMBER
System control number U-8287-88
037 ## - SOURCE OF ACQUISITION
Source of stock number/acquisition DBAD/PUB
082 ## - DEWEY DECIMAL CLASSIFICATION NUMBER
Classification number 921
100 ## - MAIN ENTRY--PERSONAL NAME
Personal name اوم پرکاش والمیکی
245 ## - TITLE STATEMENT
Title جھو ٹن /
Statement of responsibility, etc اوم پرکاش والمیکی
246 ## - VARYING FORM OF TITLE
Remainder of title Jhootan /
Title proper/short title by Om Prakash Valmiki
260 ## - PUBLICATION, DISTRIBUTION, ETC. (IMPRINT)
Place of publication, distribution, etc د ہلی
Name of publisher, distributor, etc ا یجو کیشنل پبليشنگ ہا ؤ س
Date of publication, distribution, etc 2016 ء
270 ## - ADDRESS
Address 3191,و کیل ا ستر یٹ کو چہ پنڈ ت لا ل کنو ا ن ،
City د لی
Postal code 110006
Telephone number 23216162
Fax number 0091-11-23211540
300 ## - PHYSICAL DESCRIPTION
Extent 164+152ص
Dimensions 22cm(Hb)
942 ## - ADDED ENTRY ELEMENTS (KOHA)
Source of classification or shelving scheme Dewey Decimal Classification
Item type Urdu Bks
Classification part 921
Call number suffix ا و م
Holdings
Withdrawn status Lost status Materials specified (bound volume or other part) Not for loan Collection code Home library Current library Date acquired Source of acquisition Cost, normal purchase price Full call number Barcode Copy number Cost, replacement price Koha item type
    Vol.2   Non-fiction Central Library Central Library 25/09/2017 DBAD/PUB. 97.00 921 ر ا ہ U-8288 1 97.00 Urdu Bks
    Vol. 1   Non-fiction Sarojini Nagar Sarojini Nagar 25/09/2017 DBAD/PUB. 200.00 921 ا و م U-8287 1 200.00 Urdu Bks

© Delhi Public Library
Hit Counter
free hit counter